Statistics for 100 Logo Quiz

Click here to take the quiz!

General Stats

  • This quiz has been taken 718 times
  • The average score is 62 of 100

Answer Stats

Answer% Correct
McDonald's
97%
Adidas
94%
Facebook
91%
Marvel
91%
Nike
91%
YouTube
91%
Pepsi
90%
Apple
89%
Burger King
89%
Google
89%
KFC
89%
Netflix
89%
Amazon
88%
Coca-Cola
88%
Ford
88%
Instagram
88%
IKEA
87%
Barbie
86%
Domino's
86%
Minecraft
86%
Samsung
86%
Shell
86%
Firefox
85%
Gmail
85%
Snickers
85%
Wikipedia
85%
Cheetos
84%
Chrome
84%
Tesla
84%
BMW
83%
Harry Potter
83%
Nintendo
83%
Bluetooth
82%
Nickelodeon
81%
Gucci
80%
Target
79%
Wendy's
79%
Walmart
77%
Cartoon Network
76%
FedEx
76%
Fila
75%
New Balance
75%
JetPunk
74%
Pampers
74%
Roblox
73%
Nissan
71%
Chevrolet
70%
Gatorade
69%
eBay
66%
Baskin Robbins
65%
Chick-Fil-A
63%
Intel
63%
GAP
62%
Hulu
60%
Air Jordan
59%
Costco
59%
Dolby
59%
Harley-Davidson
59%
Acer
58%
Jif
58%
Panda Express
56%
Fruit of the Loom
55%
Blu-Ray
51%
Cadillac
51%
Alfa Romeo
50%
John Deere
50%
IBM
49%
Adobe
47%
Cheerios
47%
Citroen
47%
Clash of Clans
47%
Corvette
45%
CBS
43%
Dairy Queen
43%
Infiniti
43%
Firestone
41%
Maserati
40%
Crush
39%
CVS
39%
Hertz
39%
Goodyear
38%
Fortnite
36%
Jack in the Box
36%
Bacardi
35%
Chevron
35%
Lululemon
34%
Nintendo 64
34%
Klondike
32%
ING
31%
Emirates
29%
Exxon
26%
Hoover
26%
A Clockwork Orange
24%
Beats by Dr Dre
24%
KLM
21%
Japan Airlines
17%
Korean Air
17%
Kangol
16%
Air China
15%
Thai Airways
14%

Score Distribution

Percentile by Number Answered

Percent of People with Each Score

Your Score History

You have not taken this quiz